<?xml version="1.0" encoding="UTF-8"?>
<record
    xmlns:xsi="http://www.w3.org/2001/XMLSchema-instance"
    xsi:schemaLocation="http://www.loc.gov/MARC21/slim http://www.loc.gov/standards/marcxml/schema/MARC21slim.xsd"
    xmlns="http://www.loc.gov/MARC21/slim">

  <leader>01369naa a2200253 i 4500</leader>
  <controlfield tag="001">BPP</controlfield>
  <controlfield tag="003">BPK</controlfield>
  <controlfield tag="005">20180124125929.0</controlfield>
  <controlfield tag="008">140911s2012    pl     f     |100 0 pol</controlfield>
  <datafield tag="040" ind1=" " ind2=" ">
    <subfield code="c">BPK</subfield>
  </datafield>
  <datafield tag="080" ind1=" " ind2=" ">
    <subfield code="a">637.56</subfield>
  </datafield>
  <datafield tag="100" ind1=" " ind2=" ">
    <subfield code="a">DOWGIA&#x141;&#x141;O, Andrzej.</subfield>
    <subfield code="d">2006 - .</subfield>
    <subfield code="b">Politechnika Koszali&#x144;ska - Wydzia&#x142; Mechaniczny,</subfield>
    <subfield code="c">Katedra Proces&#xF3;w i Urz&#x105;dze&#x144; Przemys&#x142;u Spo&#x17C;ywczego</subfield>
  </datafield>
  <datafield tag="245" ind1=" " ind2=" ">
    <subfield code="a">Spos&#xF3;b i urz&#x105;dzenia do produkcji filet&#xF3;w bez o&#x15B;ci z ryb karpiowatych /</subfield>
    <subfield code="c">Andrzej Dowgia&#x142;&#x142;o, Jaros&#x142;aw Diakun.</subfield>
  </datafield>
  <datafield tag="260" ind1=" " ind2=" ">
    <subfield code="c">2012.</subfield>
  </datafield>
  <datafield tag="500" ind1=" " ind2=" ">
    <subfield code="a">Dane z autopsji.</subfield>
  </datafield>
  <datafield tag="520" ind1=" " ind2=" ">
    <subfield code="a">W pracy przedstawiono spos&#xF3;b oraz urz&#x105;dzenia do produkcji filet&#xF3;w bez o&#x15B;ci z ryb karpiowatych. Mo&#x17C;liwo&#x15B;ci takie daje zaprojektowana w MIR-PIB sto&#x142;owa przecinarka o&#x15B;ci w filetach ryb karpiowatych.</subfield>
  </datafield>
  <datafield tag="650" ind1=" " ind2=" ">
    <subfield code="a">Ryby karpiowate.</subfield>
  </datafield>
  <datafield tag="650" ind1=" " ind2="0">
    <subfield code="a">Urz&#x105;dzenia.</subfield>
  </datafield>
  <datafield tag="655" ind1=" " ind2="0">
    <subfield code="a">Materia&#x142;y konferencyjne.</subfield>
  </datafield>
  <datafield tag="700" ind1=" " ind2=" ">
    <subfield code="a">DIAKUN, Jaros&#x142;aw.</subfield>
    <subfield code="d">1996 - .</subfield>
    <subfield code="b">Politechnika Koszali&#x144;ska - Wydzia&#x142; Mechaniczny,</subfield>
    <subfield code="c">Katedra Proces&#xF3;w i Urz&#x105;dze&#x144; Przemys&#x142;u Spo&#x17C;ywczego</subfield>
  </datafield>
  <datafield tag="773" ind1=" " ind2=" ">
    <subfield code="i">W :</subfield>
    <subfield code="t">Budowa i eksploatacja maszyn przemys&#x142;u spo&#x17C;ywczego BEMS 2004 : XV Konferencja Naukowo-Techniczna. -</subfield>
    <subfield code="d">Koszalin : Wydawnictwo Uczelniane Politechniki Koszali&#xE4;skiej, 2012. -</subfield>
    <subfield code="g">s. 47</subfield>
  </datafield>
  <datafield tag="711" ind1=" " ind2=" ">
    <subfield code="a"> BEMS 2012</subfield>
    <subfield code="n">(15 ;</subfield>
    <subfield code="d">2012 ;</subfield>
    <subfield code="c">Koszalin-Ko&#x142;obrzeg, Polska).</subfield>
    <subfield code="p">BEMS 2012</subfield>
  </datafield>
  <datafield tag="942" ind1=" " ind2=" ">
    <subfield code="c">ART</subfield>
    <subfield code="2">UKD</subfield>
  </datafield>
  <datafield tag="999" ind1=" " ind2=" ">
    <subfield code="c">6406</subfield>
    <subfield code="d">6406</subfield>
  </datafield>
  <datafield tag="952" ind1=" " ind2=" ">
    <subfield code="0">0</subfield>
    <subfield code="1">0</subfield>
    <subfield code="4">0</subfield>
    <subfield code="7">0</subfield>
    <subfield code="a">BPK</subfield>
    <subfield code="b">BPK</subfield>
    <subfield code="o">100793</subfield>
    <subfield code="y">ART</subfield>
  </datafield>
</record>
